Продукты органического синтеза и их применение: учебное пособие для вузов

Detaylı Bibliyografya
Yazar: Москвичев Ю. А. Юрий Александрович
Diğer Yazarlar: Фельдблюм В. Ш. Владислав Шуньевич
Özet:В книге рассмотрены важнейшие продукты органического синтеза и их практическое применение. Описаны пластмассы, синтетические каучуки и резины, искусственные и синтетические волокна, а также другие полимерные материалы. Рассмотрены поверхностно-активные вещества, синтетические душистые вещества, физиологически активные вещества и синтетические лtкарственные средства, органические вещества сельскохозяйственного назначения, растворители и технические жидкости, ингибиторы коррозии металлов, флотационные реагенты, эмульгаторы и др. Особое внимание уделено практически важным органическим соединениям серы, поскольку они нашли применение почти во всех областях жизни людей. Книга рассчитана на студентов высших учебных заведений химического профиля и технических университетов, будет полезна научным работникам, аспирантам и инженерам-химикам.
Dil:Rusça
Baskı/Yayın Bilgisi: СПб., Проспект Науки, 2009
Konular:
Materyal Türü: MixedMaterials Kitap
KOHA link:https://koha.lib.tpu.ru/cgi-bin/koha/opac-detail.pl?biblionumber=152599

MARC

LEADER 00000nam0a2200000 4500
001 152599
005 20231101221630.0
010 |a 9785903090204 
035 |a (RuTPU)RU\TPU\book\165455 
090 |a 152599 
100 |a 20090203d2009 m y0rusy50 ca 
101 0 |a rus 
102 |a RU 
105 |a y j 001zy 
200 1 |a Продукты органического синтеза и их применение  |e учебное пособие для вузов  |f Ю. А. Москвичев, В. Ш. Фельдблюм 
210 |a СПб.  |c Проспект Науки  |d 2009 
215 |a 376 с. 
320 |a Библиогр.: с. 358-376. 
330 |a В книге рассмотрены важнейшие продукты органического синтеза и их практическое применение. Описаны пластмассы, синтетические каучуки и резины, искусственные и синтетические волокна, а также другие полимерные материалы. Рассмотрены поверхностно-активные вещества, синтетические душистые вещества, физиологически активные вещества и синтетические лtкарственные средства, органические вещества сельскохозяйственного назначения, растворители и технические жидкости, ингибиторы коррозии металлов, флотационные реагенты, эмульгаторы и др. Особое внимание уделено практически важным органическим соединениям серы, поскольку они нашли применение почти во всех областях жизни людей. Книга рассчитана на студентов высших учебных заведений химического профиля и технических университетов, будет полезна научным работникам, аспирантам и инженерам-химикам. 
606 1 |a Химическая технология органических веществ  |2 stltpush  |3 (RuTPU)RU\TPU\subj\32412  |9 87224 
610 1 |a органические соединения 
610 1 |a органический синтез 
610 1 |a полимеры 
610 1 |a полимерные материалы 
610 1 |a пластические массы 
610 1 |a синтетический каучук 
610 1 |a резина 
610 1 |a искусственные волокна 
610 1 |a синтетические волокна 
610 1 |a полиэлектролиты 
610 1 |a ионообменники 
610 1 |a строительные полимеры 
610 1 |a полимербетоны 
610 1 |a нетканые материалы 
610 1 |a бумага 
610 1 |a оптические материалы 
610 1 |a фотографические материалы 
610 1 |a органические полупроводники 
610 1 |a синтетические металлы 
610 1 |a реагенты 
610 1 |a поверхностно-активные вещества 
610 1 |a синтетические душистые вещества 
610 1 |a физиологически активные вещества 
610 1 |a синтетические лекарственные препараты 
610 1 |a сельскохозяйственные ресурсы 
610 1 |a органические удобрения 
610 1 |a органические пестициды 
610 1 |a органические растворители 
610 1 |a технические жидкости 
610 1 |a нанохимия 
610 1 |a нанотехнология 
610 1 |a наночастицы 
610 1 |a получение 
610 1 |a исследование 
610 1 |a применение 
610 1 |a учебные пособия 
675 |a 661.7(075.8)  |v 3 
700 1 |a Москвичев  |b Ю. А.  |g Юрий Александрович 
701 1 |a Фельдблюм  |b В. Ш.  |g Владислав Шуньевич 
801 1 |a RU  |b 63413507  |c 20090203  |g PSBO 
801 2 |a RU  |b 63413507  |c 20201021  |g PSBO 
942 |c BK 
959 |a 18/20090203  |d 3  |e 540,00  |f АНЛ:1  |f ЧЗТЛ:2 
959 |a 46/20090408  |d 5  |e 540,00  |f УФ:5